[Event "Kohtla Jaerve Noorte CC"]
[Site "Kohtla Jaerve"]
[Date "2021.09.26"]
[Round "5"]
[White "Lainevool, Mirko"]
[Black "Beljajeva, Diana"]
[Result "1-0"]
[WhiteElo "1258"]
[BlackElo "1449"]
[PlyCount "105"]
[EventDate "2021.09.24"]
[EventType "swiss"]
[EventRounds "5"]
[EventCountry "EST"]
[SourceTitle "EXT 2023"]
[Source "ChessBase"]
[SourceDate "2022.10.05"]
[SourceVersion "1"]
[SourceVersionDate "2022.10.05"]
[SourceQuality "1"]

1. e4 e5 2. Nf3 Nc6 3. d4 exd4 4. Nxd4 Bc5 5. Be3 Qf6 6. c3 Nge7 7. Bc4 0-0 8. 0-0 Qg6 9. Nd2 d6 10. f4 h6 11. Qf3 a6 12. a4 Nxd4 13. cxd4 Bb4 14. Bd3 d5 15. f5 dxe4 16. Bxe4 Qb6 17. f6 Bxd2 18. fxe7 Bxe3+ 19. Kh1 Be6 20. exf8Q+ Rxf8 21. Qxe3 Bc4 22. Rf2 Rd8 23. Bd3 Bxd3 24. Qxd3 Rxd4 25. Qf5 f6 26. Re2 Qd6 27. Qe6+ Qxe6 28. Rxe6 Kf7 29. Rae1 Rd2 30. R6e2 Rd4 31. Re7+ Kg6 32. Rxc7 Rxa4 33. Rxb7 a5 34. h3 h5 35. Rb1 h4 36. Ra7 f5 37. b4 Rxb4 38. Rxb4 axb4 39. Rb7 Kg5 40. Rxb4 g6 41. Kg1 f4 42. Rb5+ Kf6 43. Kf2 g5 44. Kf3 Kg6 45. Kg4 Kf6 46. Rxg5 f3 47. gxf3 Kf7 48. Kf5 Kf8 49. Kf6 Ke8 50. Rg7 Kf8 51. Rg1 Ke8 52. Rd1 Kf8 53. Rd8# 1-0

[Event "Wch FIDE Online U18 Europe qual"]
[Site "Tornelo INT"]
[Date "2020.12.08"]
[Round "4"]
[White "Ledesma Claros, Daniel"]
[Black "Lainevool, Mirko"]
[Result "1-0"]
[WhiteElo "1617"]
[BlackElo "1452"]
[PlyCount "57"]
[EventDate "2020.12.07"]
[EventType "swiss (rapid)"]
[EventRounds "7"]
[EventCountry "ISS"]
[SourceTitle "EXT 2022"]
[Source "ChessBase"]
[SourceDate "2021.10.06"]
[SourceVersion "1"]
[SourceVersionDate "2021.10.06"]
[SourceQuality "1"]

1. e4 e5 2. Nf3 Nf6 3. Nxe5 Nc6 4. Nxc6 dxc6 5. Nc3 Bc5 6. d3 Ng4 7. Be3 Nxe3 8. fxe3 Bxe3 9. Qf3 Qg5 10. Be2 h5 11. Rf1 Be6 12. a4 0-0-0 13. a5 a6 14. h3 Rdf8 15. e5 Qxe5 16. Qe4 Qg5 17. Ra4 Re8 18. Qf3 Kb8 19. Kd1 Bd5 20. Nxd5 cxd5 21. h4 Qh6 22. Ra1 Qe6 23. Qxf7 Qe5 24. c3 Rhf8 25. Qxf8 Rxf8 26. Rxf8+ Ka7 27. Kc2 d4 28. Rf7 dxc3 29. bxc3 1-0

[Event "Wch FIDE Online U18 Europe qual"]
[Site "Tornelo INT"]
[Date "2020.12.07"]
[Round "2"]
[White "Lainevool, Mirko"]
[Black "Petriashvili, Nikoloz"]
[Result "0-1"]
[WhiteElo "1452"]
[BlackElo "2283"]
[PlyCount "54"]
[EventDate "2020.12.07"]
[EventType "swiss (rapid)"]
[EventRounds "7"]
[EventCountry "ISS"]
[SourceTitle "EXT 2022"]
[Source "ChessBase"]
[SourceDate "2021.10.06"]
[SourceVersion "1"]
[SourceVersionDate "2021.10.06"]
[SourceQuality "1"]

1. e4 c5 2. Nf3 Nc6 3. Bb5 e6 4. Bxc6 bxc6 5. Nc3 Ne7 6. 0-0 Ng6 7. d3 e5 8. h4 d6 9. Bg5 f6 10. Bd2 Bg4 11. g3 d5 12. Kg2 Be7 13. Qe2 0-0 14. Nd1 f5 15. exd5 e4 16. dxe4 fxe4 17. Qxe4 Bxf3+ 18. Qxf3 Rxf3 19. Kxf3 Qxd5+ 20. Ke2 Re8 21. Ne3 Bxh4 22. gxh4 Qh5+ 23. Ke1 Nf4 24. f3 Ng2+ 25. Kf2 Nxe3 26. Bxe3 Qxh4+ 27. Ke2 Qd4 0-1